00706nam a2200241 a 4500001001300000003000900013005001700022008004100039020002300080082001600103100002300119245002500142260003800167300001000205500003500215505001300250650001700263700002300280902000800303942000700311952012900318999001700447nice12345678IN_TiNIC20260116014818.0140902s1992 cala grp 000 0 eng  a0929448146 c25000a291.4bBAL4 aBalsekar, Ramesh R aConsciousness Speaks aCalifornia bAdvaita Press c1992 a392p  aincludes index and biblioraphy2 aglossary aSpirituality1 aBalsekar, Ramesh R bSRS cBK 001040708StackRoom-aHMIbHMId2005-01-01g250.00l1o291.4 BAL4p024669r2018-09-10s2018-09-05v250.00w2014-09-02yBK c17083d17083